Normal view
MARC view
- حافظ عراقي، زين الدين أبو الفضل عبد الرحيم، ابن عراقي ، ولي الدين أبو زرعة أحمد بن عبد الرحي
Entry Personal Name
001 - CONTROL NUMBER
- control field: 43469
003 - CONTROL NUMBER IDENTIFIER
- control field: JO-AjAnu
005 - DATE AND TIME OF LATEST TRANSACTION
- control field: 20230606081214.0
008 - FIXED-LENGTH DATA ELEMENTS
- fixed length control field: 230606|| aca||aabn | a|a d
040 ## - CATALOGING SOURCE
- Original cataloging agency: JO-AjAnu
- Transcribing agency: JO-AjAnu
100 ## - HEADING--PERSONAL NAME
- Personal name: حافظ عراقي، زين الدين أبو الفضل عبد الرحيم، ابن عراقي ، ولي الدين أبو زرعة أحمد بن عبد الرحي
670 ## - SOURCE DATA FOUND
- Source citation: Work cat.: (JO-AjAnu)22258: حافظ عراقي، زين الدين أبو الفضل عبد الرحيم، ابن عراقي ، ولي الدين أبو زرعة أحمد بن عبد الرحي, author, كتاب طرح التثريب في شرح التقريب : و هو شرح المتن المسمى بتقريب الاسانيد و ترتيب المسانيد